00849nam a2200253 a 450000500170000000800410001701000140005802000260007202000230009803500130012103700150013404000180014908200170016724500780018426000460026227000650030830000280037350000200040152000580042165000240047965000350050365000370053870000200057520080616100023.0070814s2007 ii 001 0 eng  aENG-91537 a9780195694956c695.00 a0195694953c695.00 aEN-75070 bDBAD / PUB adplbEnglish  a302.23088297 aMuslims and media images:cedited by Ather Farouqui bnews versus views / aNew Delhi bOxford University Pressc2009 aYMCA Library Building , Jai Singh Road, bNew Delhi e110001 axiv, 354 p.c23 cm (Hb) aIncludes index  aContributed articles chiefly with reference to India. aIslam in mass media aMass mediaxObjectivityzIndia aMuslims xPublic opinion zIndia aAther Farouqui